Music Quiz

Random Music or Song Quiz

AT 40 at May 6, 1995-matching Quiz Stats

 Plays Quiz not verified by Sporcle

Challenge
Share
Tweet
Score 0/21 Timer 02:00
0 Plays Today
% Correct
THIS IS HOW
100%
HAVE YOU EVER REALLY
96.3%
HOLD MY
96.3%
LET HER
96.3%
WATER RUNS
96.3%
COTTON
92.6%
KEEP THEIR
92.6%
STRONG
92.6%
TAKE A
92.6%
RUN
88.9%
I’M GOIN’
88.9%
% Correct
FREAK
85.2%
RED LIGHT
85.2%
DEAR
81.5%
I
81.5%
IN THE HOUSE OF
81.5%
THIS LIL’ GAME
81.5%
BIG POPPA
77.8%
CANDY
77.8%
I LIVE
77.8%
IF I WANTED TO/LIKE
70.4%

You're not logged in!

Compare scores with friends on all Sporcle quizzes.
Join for Free
OR
Log In

You Might Also Like...

Show Comments

Extras

Top Quizzes Today


Score Distribution

Your Account Isn't Verified!

In order to create a playlist on Sporcle, you need to verify the email address you used during registration. Go to your Sporcle Settings to finish the process.

Report this User

Report this user for behavior that violates our Community Guidelines.

Details: